000 00789nam a22002777a 4500
001 BR7400948
003 BR-BrBNA
005 20230928084539.0
007 ta
008 230509b bl.||||| |||| 00| 0 por d
040 _aBR-BrBNA
_bpor
_cBiblioteca Nacional de Agricultura
041 _a(Por)
072 _aF00; H10; F30
_b0430
_b/G514
090 _ 0430 BR7400948
100 1 _aFaria, C.V. de O.
110 1 _aEscola de Agronomia do Nordeste, Areia, PB (Brasil)
_94297
245 1 _aO algodao moco e o seu melhoramento na Paraiba [Brasil]
260 3 _aAreia, PB (Brasil):
_c1940.
300 _a51 p.
500 _aSummary (Eng); 36 ref.
650 _aALGODAO MOCO
650 _aGENETICA VEGETAL
650 _aPARAIBA
909 _a202309
_bLucia
_c55
_dLucia Elande
942 _cBK
999 _c19665
_d19665